Inventario y divulgación del patrimonio geológico del departamento Norte de Santander /

Detalles Bibliográficos
Autores principales: Uribe Portilla, Eliecer (Autor), Villamizar, Ilich Sebastián (Autor)
Formato: Electrónico eBook
Lenguaje:español
Publicado: Pamplona, Norte de Santander, Colombia : Sello Editorial Unipamplona, 2023.
Colección:Colección Biología y ciencias naturales (Universidad de Pamplona)
Materias:
Acceso en línea:Digitalia Hispánica

MARC

LEADER 00000nam a2200000 i 4500
001 DIGUPAMP0017
003 NyNyDIG
007 cr |||||||||||
008 240201s2023 ck a ob 000 0 spa d
006 m o d
035 |a (OCoLC)1422054824 
040 |a DGITA  |b eng  |e rda  |e pn  |c DGITA 
020 |z 9786287656031 
043 |a s-ck--- 
050 1 4 |a F2281.N6 ebook 
100 1 |a Uribe Portilla, Eliecer,  |e author. 
245 1 0 |a Inventario y divulgación del patrimonio geológico del departamento Norte de Santander /  |c Eliecer Uribe Portilla, Ilich Sebastián Villamizar. 
264 1 |a Pamplona, Norte de Santander, Colombia :  |b Sello Editorial Unipamplona,  |c 2023. 
300 |a 1 online resource :  |b illustrations. 
336 |a text  |b txt  |2 rdacontent 
337 |a computer  |b c  |2 rdamedia 
338 |a online resource  |b cr  |2 rdacarrier 
347 |a text file  |2 rdaft 
347 |b PDF 
490 1 |a Colección Biología y Ciencias Naturales 
504 |a Includes bibliographical references. 
588 0 |a Online resource; title from PDF title page (Digitalia, viewed February 1, 2024) 
650 0 |a Geology  |z Colombia  |z Norte de Santander. 
700 1 |a Villamizar, Ilich Sebastián,  |e author. 
791 2 |a Digitalia (Firm),  |e distributor. 
793 0 |g Digitalia eBook Collection:  |a Universidad de Pamplona 
776 0 8 |i Print version:  |a Uribe Portilla, Eliecer.  |t Inventario y divulgación del patrimonio geológico del departamento Norte de Santander.  |b Primera edición.  |d Pamplona, Norte de Santander, Colombia : Sello Editorial Unipamplona, [2023]  |z 9786287656031 
830 0 |a Colección Biología y ciencias naturales (Universidad de Pamplona) 
856 4 0 |3 Digitalia Hispánica  |u https://www.digitaliapublishing.com/a/131109/ 
910 |a Premium collection: 2024